[Event "Horsens Lang Weekend 2017"]
[Site "Horsens"]
[Date "2017.07.14"]
[Round "4.13"]
[White "Thorsbro, Peter"]
[Black "Frank Nielsen, Marie"]
[Result "1-0"]
[WhiteElo "2151"]
[BlackElo "1927"]
[PlyCount "71"]
[EventDate "2017.??.??"]
[EventCountry "DEN"]

1. d4 Nf6 2. c4 g6 3. Nc3 Bg7 4. e4 d6 5. Be2 O-O 6. Nf3 Nbd7 7. Be3 e5 8. d5
Qe7 9. Nd2 c5 10. dxc6 bxc6 11. O-O Ne8 12. Qa4 Bb7 13. b4 f5 14. f3 Nc7 15.
Nb3 Ne6 16. Rfd1 Nf4 17. Bf1 Nb6 18. Qa3 Qf7 19. c5 dxc5 20. Bxc5 Rfe8 21. Na5
Ne6 22. Qb3 Bh6 23. Rd6 Bc8 24. Bf2 Nd4 25. Qxf7+ Kxf7 26. Nxc6 Bf8 27. Nxe5+
Rxe5 28. Rxd4 f4 29. a4 Re7 30. a5 Nd7 31. Nd5 Re5 32. Nxf4 Nf6 33. Rc1 g5 34.
Rc7+ Kg8 35. Bc4+ Kh8 36. Rd8 1-0

[Event "Horsens Lang Weekend 2017"]
[Site "Horsens"]
[Date "2017.07.14"]
[Round "4.14"]
[White "Easwaralingam, Adesh"]
[Black "Jepsen, Thomas Stausholm"]
[Result "0-1"]
[WhiteElo "1908"]
[BlackElo "2127"]
[PlyCount "52"]
[EventDate "2017.??.??"]
[EventCountry "DEN"]

1. e4 d5 2. exd5 Nf6 3. d4 Nxd5 4. Nf3 g6 5. c4 Nf6 6. Be2 Bg7 7. O-O O-O 8.
Nc3 c6 9. Bf4 Nbd7 10. Qc2 Nb6 11. h3 Bf5 12. Bd3 Nh5 13. Be3 Bxd3 14. Qxd3 Qc7
15. Rfe1 Rad8 16. Rad1 h6 17. b3 Nc8 18. Qd2 Kh7 19. g4 Nf6 20. Bf4 Qa5 21. Qb2
Qa6 22. c5 Nd5 23. Be5 Bxe5 24. dxe5 Nf4 25. Rxd8 Rxd8 26. Qc2 Qd3 0-1

[Event "Horsens Lang Weekend 2017"]
[Site "Horsens"]
[Date "2017.07.15"]
[Round "5.1"]
[White "Bjerre, Jonas Buhl"]
[Black "Teplyi, Igor"]
[Result "1/2-1/2"]
[WhiteElo "2354"]
[BlackElo "2424"]
[PlyCount "48"]
[EventDate "2017.??.??"]
[EventCountry "DEN"]

1. e4 c5 2. Nf3 d6 3. d4 cxd4 4. Nxd4 Nf6 5. Nc3 a6 6. Bg5 Nbd7 7. Qe2 Qa5 8.
Bd2 g6 9. Nd5 Qd8 10. Nxf6+ Nxf6 11. O-O-O Bg7 12. f3 O-O 13. Be3 Qa5 14. Kb1
Bd7 15. Nb3 Qc7 16. Bd4 Rfc8 17. c4 Ba4 18. Qe3 Nd7 19. Bxg7 Kxg7 20. Rc1 Bxb3
21. Qxb3 Nc5 22. Qc3+ e5 23. h4 h6 24. g3 Ne6 1/2-1/2

[Event "Horsens Lang Weekend 2017"]
[Site "Horsens"]
[Date "2017.07.15"]
[Round "5.2"]
[White "Hansen, Lars"]
[Black "Antonsen, Mikkel"]
[Result "0-1"]
[WhiteElo "2236"]
[BlackElo "2428"]
[PlyCount "116"]
[EventDate "2017.??.??"]
[EventCountry "DEN"]

1. d4 Nf6 2. Bg5 d5 3. Bxf6 exf6 4. e3 Be6 5. Bd3 c5 6. dxc5 Bxc5 7. c3 Nc6 8.
Nd2 O-O 9. Nb3 Bb6 10. Ne2 Ne5 11. Nbd4 Bg4 12. Qc2 Nxd3+ 13. Qxd3 Qd6 14. h3
Bd7 15. Rd1 Rad8 16. Rd2 a6 17. Kd1 Ba7 18. Nf4 Rfe8 19. Kc1 g6 20. g4 Bc8 21.
Nde2 Be6 22. Nd4 Kg7 23. Rg1 Kh8 24. h4 Qe5 25. g5 Bc8 26. h5 fxg5 27. Nf3 Qf6
28. Nxg5 Re5 29. Nf3 Rf5 30. hxg6 hxg6 31. Nd4 Rg5 32. Rxg5 Qxg5 33. Rd1 Kg7
34. Qe2 Bb8 35. Nd3 Bg4 36. f3 Bc8 37. Qf2 Re8 38. f4 Qe7 39. Re1 Rh8 40. Ne5
Qh4 41. Qxh4 Rxh4 42. Nef3 Rg4 43. Rd1 Rg3 44. b4 Bg4 45. Rf1 Ba7 46. Ne5 Bh3
47. Re1 Rg2 48. a4 Bxd4 49. cxd4 Bf5 50. Nf3 Rc2+ 51. Kd1 Rb2 52. Nd2 Bg4+ 53.
Kc1 Rxb4 54. Kc2 Bf5+ 55. Kc3 Rxa4 56. e4 dxe4 57. Nxe4 b5 58. Nc5 Rc4+ 0-1

[Event "Horsens Lang Weekend 2017"]
[Site "Horsens"]
[Date "2017.07.15"]
[Round "5.3"]
[White "Dyrgaard, Kristoffer"]
[Black "Brondt, Nicolai Kvist"]
[Result "1-0"]
[WhiteElo "2334"]
[BlackElo "2229"]
[PlyCount "81"]
[EventDate "2017.??.??"]
[EventCountry "DEN"]

1. e4 c6 2. d4 d5 3. exd5 cxd5 4. c4 Nf6 5. Nc3 e6 6. Nf3 Bb4 7. Qc2 Nc6 8.
cxd5 Nxd5 9. Bd3 h6 10. O-O O-O 11. a3 Be7 12. Rd1 Bd7 13. Nxd5 exd5 14. Ne5
Qc8 15. Be3 Bf6 16. Nxd7 Qxd7 17. Rac1 Qd6 18. b4 a6 19. Be2 Rfd8 20. g3 Qd7
21. Kg2 Rac8 22. Qd3 Ne7 23. h3 Rxc1 24. Rxc1 Bg5 25. Bxg5 hxg5 26. Bf3 Nc6 27.
Rc5 Qe6 28. b5 axb5 29. Rxb5 Qf6 30. Rxd5 Rxd5 31. Bxd5 Nd8 32. Qe4 b6 33. Qe5
Qxe5 34. dxe5 Kf8 35. Kf3 f6 36. Ke4 fxe5 37. Kxe5 Ke7 38. a4 g6 39. f3 Kd7 40.
Kf6 Kd6 41. Bb3 1-0

[Event "Horsens Lang Weekend 2017"]
[Site "Horsens"]
[Date "2017.07.15"]
[Round "5.4"]
[White "Matthiesen, Martin"]
[Black "Ferrante, Marco"]
[Result "1-0"]
[WhiteElo "2344"]
[BlackElo "2260"]
[PlyCount "91"]
[EventDate "2017.??.??"]
[EventCountry "DEN"]

1. d4 d5 2. Bf4 Nf6 3. e3 c6 4. c4 g6 5. Nf3 Nh5 6. Bg5 Bg7 7. Nc3 h6 8. Bh4
Qb6 9. cxd5 Qxb2 10. Rc1 Bg4 11. Rc2 Qb4 12. Qd2 g5 13. Bg3 Nxg3 14. hxg3 Bxf3
15. gxf3 Qa5 16. Rb2 Qc7 17. Bg2 cxd5 18. Nxd5 Qd7 19. f4 Nc6 20. O-O Rc8 21.
fxg5 hxg5 22. Rc1 O-O 23. Rbc2 e6 24. Nc3 Nb4 25. Rb2 Nd5 26. Nxd5 exd5 27.
Rbc2 Rxc2 28. Rxc2 b6 29. Qc1 Qf5 30. Rc7 a5 31. Qb2 Re8 32. Qb5 Re6 33. Rc8+
Bf8 34. Qd7 Qb1+ 35. Bf1 Qxa2 36. Qd8 Qa3 37. Qxg5+ Rg6 38. Qxd5 Qd6 39. Qe4 a4
40. Ra8 a3 41. Bc4 Kg7 42. Ra7 Rf6 43. Qg4+ Kh6 44. Qh4+ Kg7 45. Qg5+ Kh8 46.
Bxf7 1-0

[Event "Horsens Lang Weekend 2017"]
[Site "Horsens"]
[Date "2017.07.15"]
[Round "5.5"]
[White "Rewitz, Poul"]
[Black "Guindy, Esmat"]
[Result "1-0"]
[WhiteElo "2294"]
[BlackElo "2132"]
[PlyCount "25"]
[EventDate "2017.??.??"]
[EventCountry "DEN"]

1. g3 d5 2. Bg2 Bf5 3. c4 e6 4. Qb3 c6 5. Qxb7 Nd7 6. Nf3 Bc5 7. O-O Ne7 8. d4
Bc2 9. dxc5 a5 10. Bf4 e5 11. Bxe5 Nxe5 12. Nxe5 Rb8 13. Qa7 1-0

[Event "Horsens Lang Weekend 2017"]
[Site "Horsens"]
[Date "2017.07.15"]
[Round "5.6"]
[White "Nielsen, Viktor Haarmark"]
[Black "Thogersen, Rasmus"]
[Result "1-0"]
[WhiteElo "2243"]
[BlackElo "2232"]
[PlyCount "95"]
[EventDate "2017.??.??"]
[EventCountry "DEN"]

1. Nf3 Nf6 2. c4 g6 3. Nc3 Bg7 4. g3 O-O 5. Bg2 d6 6. d4 Nc6 7. O-O a6 8. b3
Rb8 9. Nd5 Nh5 10. Bb2 e6 11. Nc3 f5 12. d5 Ne7 13. dxe6 h6 14. Nd4 c5 15. Nc2
b5 16. Ne3 Bxe6 17. Ned5 Nf6 18. Nxe7+ Qxe7 19. Nd5 Nxd5 20. Bxg7 Kxg7 21. Bxd5
Qf7 22. Bxe6 Qxe6 23. Qd3 bxc4 24. bxc4 Rb6 25. Rab1 Rfb8 26. Rxb6 Rxb6 27. Rd1
Kf6 28. e3 Qe4 29. Qc3+ Kg5 30. Qh8 Kh5 31. Qd8 Rb2 32. Qxd6 Qc2 33. g4+ fxg4
34. Rd5+ g5 35. Qf4 Rxa2 36. Rxc5 a5 37. Qf7+ Kh4 38. Qf6 Qb1+ 39. Kg2 Qe4+ 40.
Kg1 Qb1+ 41. Kg2 Qe4+ 42. Kg1 Qh7 43. Kg2 Rc2 44. Re5 Kh5 45. Re7 Qg8 46. Re6
Qh7 47. h4 gxh3+ 48. Kg3 1-0

[Event "Horsens Lang Weekend 2017"]
[Site "Horsens"]
[Date "2017.07.15"]
[Round "5.7"]
[White "Hilwerda, Jonas"]
[Black "Rasmussen, Karsten"]
[Result "1/2-1/2"]
[WhiteElo "2068"]
[BlackElo "2444"]
[PlyCount "61"]
[EventDate "2017.??.??"]
[EventCountry "DEN"]

1. e4 c5 2. Nf3 d6 3. d4 cxd4 4. Nxd4 Nf6 5. Nc3 Nc6 6. Bg5 e6 7. Qd2 Be7 8.
O-O-O a6 9. f4 O-O 10. Be2 Nxd4 11. Qxd4 Qa5 12. e5 dxe5 13. fxe5 Nd5 14. Bxe7
Nxe7 15. Bf3 Nc6 16. Bxc6 bxc6 17. Ne4 Rb8 18. a3 Rb5 19. Nd6 Rd5 20. Qa7 Rxd1+
21. Rxd1 Qxe5 22. Qc7 Qg5+ 23. Rd2 Qd8 24. Qxc6 Bd7 25. Qxa6 Qh4 26. g3 Qh3 27.
Ne4 Bc8 28. Qb5 h5 29. Nd6 Qg4 30. Qc6 e5 31. Qe4 1/2-1/2

[Event "Horsens Lang Weekend 2017"]
[Site "Horsens"]
[Date "2017.07.15"]
[Round "5.8"]
[White "Rostgaard, Tobias Valentin"]
[Black "Petersen, Martin Reib"]
[Result "1-0"]
[WhiteElo "2302"]
[BlackElo "2082"]
[PlyCount "79"]
[EventDate "2017.??.??"]
[EventCountry "DEN"]

1. d4 Nf6 2. Nf3 e6 3. c4 b6 4. a3 Bb7 5. Nc3 d6 6. d5 e5 7. e4 a5 8. Rb1 Nbd7
9. b4 Be7 10. Be2 O-O 11. O-O Re8 12. Ne1 Nf8 13. Be3 axb4 14. axb4 Ng6 15. Nd3
Ba6 16. Qb3 Qc8 17. Ra1 Ng4 18. Bxg4 Qxg4 19. f3 Qh5 20. Ra2 Bg5 21. Bf2 Bf4
22. Nxf4 Nxf4 23. Rfa1 Qg5 24. g3 Nh3+ 25. Kg2 Nxf2 26. Kxf2 Bb7 27. Rxa8 Qd2+
28. Ne2 Bxa8 29. Ra7 Qh6 30. Qa4 Qxh2+ 31. Ke3 Qh6+ 32. Kd3 Rf8 33. Rxa8 Qh1
34. Rxf8+ Kxf8 35. Ke3 Qh6+ 36. Kf2 Qh2+ 37. Kf1 Qh1+ 38. Ng1 Qh2 39. Qa8+ Ke7
40. Qc8 1-0

[Event "Horsens Lang Weekend 2017"]
[Site "Horsens"]
[Date "2017.07.15"]
[Round "5.9"]
[White "Nielsen, Henning (1940)"]
[Black "Bank, Pelle Rodkjaer"]
[Result "0-1"]
[WhiteElo "2081"]
[BlackElo "2294"]
[PlyCount "51"]
[EventDate "2017.??.??"]
[EventCountry "DEN"]

1. e4 g6 2. d4 Bg7 3. Nc3 c6 4. Bc4 d5 5. exd5 b5 6. Be2 b4 7. Na4 cxd5 8. Nf3
Nf6 9. O-O O-O 10. a3 bxa3 11. Rxa3 Bf5 12. Bf4 Nc6 13. Nc5 Ne4 14. Na6 Rc8 15.
c3 e6 16. Bd3 Re8 17. Bxe4 Bxe4 18. Re1 Qb6 19. Qd2 Bxf3 20. gxf3 Na5 21. Qe2
Nc4 22. Ra2 Qb3 23. Rea1 e5 24. Nc5 Qb5 25. Ra5 exf4 26. R5a4 0-1

[Event "Horsens Lang Weekend 2017"]
[Site "Horsens"]
[Date "2017.07.15"]
[Round "5.10"]
[White "Ramsdal, Jens Albert"]
[Black "Firooznia, Farzam"]
[Result "1-0"]
[WhiteElo "2206"]
[BlackElo "2062"]
[PlyCount "41"]
[EventDate "2017.??.??"]
[EventCountry "DEN"]

1. e4 c5 2. Nf3 g6 3. d4 cxd4 4. Nxd4 Nc6 5. c4 Nf6 6. Nc3 Nxd4 7. Qxd4 d6 8.
Bg5 Bg7 9. Qd2 h5 10. Bd3 a5 11. O-O a4 12. Nd5 e6 13. Nc3 Qa5 14. Nb5 O-O 15.
Qf4 Ng4 16. Be7 Be5 17. Qg5 Nxh2 18. f4 Ng4 19. fxe5 Qb6+ 20. Kh1 Nf2+ 21. Rxf2
1-0

[Event "Horsens Lang Weekend 2017"]
[Site "Horsens"]
[Date "2017.07.15"]
[Round "5.11"]
[White "Lyngsjo, Hakan"]
[Black "Grove, Peter"]
[Result "0-1"]
[WhiteElo "2049"]
[BlackElo "2162"]
[PlyCount "44"]
[EventDate "2017.??.??"]
[EventCountry "DEN"]

1. e4 e6 2. d4 d5 3. Nd2 h6 4. Ngf3 Nf6 5. Bd3 c5 6. c3 Nc6 7. O-O g5 8. Re1
cxd4 9. Nxd4 Bg7 10. exd5 Nxd4 11. cxd4 Qxd5 12. Nf3 Bd7 13. b3 Bc6 14. Bc4 Qd6
15. a4 Nd5 16. Ne5 Bxe5 17. dxe5 Qc5 18. Be3 Nxe3 19. Rxe3 Rd8 20. Qh5 Ke7 21.
h4 Qd4 22. hxg5 Qxa1+ 0-1

[Event "Horsens Lang Weekend 2017"]
[Site "Horsens"]
[Date "2017.07.15"]
[Round "5.12"]
[White "Hardlei, Johan"]
[Black "Thorsbro, Peter"]
[Result "1/2-1/2"]
[WhiteElo "2046"]
[BlackElo "2151"]
[PlyCount "147"]
[EventDate "2017.??.??"]
[EventCountry "DEN"]

1. b3 e5 2. Bb2 Nc6 3. e3 g6 4. f4 Bg7 5. Nf3 d6 6. Bb5 Nge7 7. O-O O-O 8. fxe5
Nxe5 9. Nxe5 dxe5 10. Nc3 Bf5 11. Bc4 Qd7 12. e4 Be6 13. Bxe6 Qxe6 14. Ba3 Rfd8
15. Kh1 Nc6 16. Nd5 Rd7 17. d3 Nd4 18. Bc5 c6 19. Ne3 h5 20. Bxd4 exd4 21. Nc4
b5 22. Nd2 Rc8 23. a4 a6 24. Qf3 Bh6 25. Rf2 c5 26. axb5 axb5 27. Nf1 Kg7 28.
h3 c4 29. bxc4 bxc4 30. g4 hxg4 31. hxg4 cxd3 32. cxd3 Bg5 33. Ra5 Rh8+ 34. Kg1
Bd8 35. Rd5 Rb7 36. Rh2 Rxh2 37. Nxh2 Rb1+ 38. Nf1 Bc7 39. Kg2 Rb2+ 40. Kg1 Qe7
41. g5 Be5 42. Qg4 Qc7 43. Qh3 Kg8 44. Qd7 Qxd7 45. Rxd7 Rb3 46. Rd5 f6 47.
gxf6 Bxf6 48. e5 Be7 49. Kf2 Bh4+ 50. Kf3 Rxd3+ 51. Ke2 Ra3 52. Rxd4 Be7 53.
Nd2 Kf7 54. Ne4 Ke6 55. Nd2 Kxe5 56. Rd3 Ra4 57. Kf3 Bg5 58. Nf1 Rf4+ 59. Kg2
Bh4 60. Rf3 Ra4 61. Kh3 Bg5 62. Nh2 Rh4+ 63. Kg3 Rf4 64. Ng4+ Ke4 65. Nf2+ Kf5
66. Rxf4+ Bxf4+ 67. Kg2 Bc7 68. Kf3 Bb6 69. Ng4 Bd4 70. Nh2 Bc5 71. Ng4 Bg1 72.
Nh6+ Kg5 73. Ng4 Bd4 74. Nh2 1/2-1/2

[Event "Horsens Lang Weekend 2017"]
[Site "Horsens"]
[Date "2017.07.15"]
[Round "5.13"]
[White "Thybo, Thomas Sondergaard"]
[Black "Rossen, Claus"]
[Result "1/2-1/2"]
[WhiteElo "1999"]
[BlackElo "2133"]
[PlyCount "93"]
[EventDate "2017.??.??"]
[EventCountry "DEN"]

1. d4 Nf6 2. c4 g6 3. Nc3 d5 4. cxd5 Nxd5 5. e4 Nxc3 6. bxc3 Bg7 7. Qa4+ Nd7 8.
Nf3 O-O 9. Be2 c5 10. O-O Nb6 11. Qa3 cxd4 12. cxd4 Bg4 13. Bg5 Bxf3 14. Bxf3
Re8 15. Rad1 h6 16. Bf4 g5 17. Be3 Nc4 18. Qb3 Nxe3 19. fxe3 e6 20. Qxb7 Re7
21. Qa6 Qb6 22. Qxb6 axb6 23. Rf2 Ra3 24. Re2 Rea7 25. Rdd2 e5 26. Bg4 Bf8 27.
Kf2 Bb4 28. Rc2 Bc3 29. d5 Bb4 30. Rc6 Bc5 31. d6 Rd3 32. d7 Kg7 33. Rc8 Raxd7
34. Bxd7 Rxd7 35. Ra8 Rd3 36. Ra4 Kg6 37. Rc4 h5 38. h3 g4 39. Rc1 Ra3 40. Rb1
Ra4 41. Kg3 Rxe4 42. Rb3 f5 43. hxg4 hxg4 44. Kh4 Be7+ 45. Kg3 Bc5 46. Kh4 Ra4
47. Rd3 1/2-1/2

[Event "Horsens Lang Weekend 2017"]
[Site "Horsens"]
[Date "2017.07.15"]
[Round "5.14"]
[White "Hansen, Joshua Kehlet"]
[Black "Christensen, John Christopher H"]
[Result "1-0"]
[WhiteElo "1530"]
[BlackElo "1467"]
[PlyCount "91"]
[EventDate "2017.??.??"]
[EventCountry "DEN"]

1. e4 c5 2. Nc3 Nc6 3. Bb5 e6 4. Bxc6 bxc6 5. Nf3 Ba6 6. d3 d5 7. O-O Be7 8.
Re1 Nf6 9. Bg5 O-O 10. b3 Re8 11. Qd2 Qc7 12. h4 Rad8 13. e5 Nd7 14. Bxe7 Rxe7
15. Qg5 Ree8 16. h5 h6 17. Qf4 Nf8 18. g4 Nh7 19. g5 hxg5 20. Nxg5 Nxg5 21.
Qxg5 Qe7 22. Qg4 Kh7 23. Kh1 Rg8 24. Rg1 g6 25. Qh3 g5 26. Rg2 Rg7 27. Rag1
Rdg8 28. Nd1 d4 29. f4 gxf4 30. Rxg7+ Rxg7 31. Rxg7+ Kxg7 32. Qg4+ Kh6 33. Nf2
Qg5 34. Qxg5+ Kxg5 35. Ne4+ Kxh5 36. Nxc5 Bc8 37. Ne4 Kg6 38. Kg2 Bd7 39. Nd6
f5 40. b4 Kg5 41. Kf3 a6 42. a3 Kh5 43. Kxf4 Kh4 44. Nb7 Kh3 45. Nc5 Bc8 46.
Nb3 1-0

[Event "Horsens Lang Weekend 2017"]
[Site "Horsens"]
[Date "2017.07.15"]
[Round "6.1"]
[White "Antonsen, Mikkel"]
[Black "Matthiesen, Martin"]
[Result "1-0"]
[WhiteElo "2428"]
[BlackElo "2344"]
[PlyCount "67"]
[EventDate "2017.??.??"]
[EventCountry "DEN"]

1. d4 Nf6 2. c4 e6 3. Nf3 b6 4. g3 Bb7 5. Bg2 Be7 6. O-O O-O 7. Nc3 Ne4 8. Bd2
d6 9. d5 Nxd2 10. Nxd2 e5 11. f4 Nd7 12. f5 Bg5 13. Nde4 Be3+ 14. Kh1 Bd4 15.
f6 Bxc3 16. Qc1 Nxf6 17. Nxf6+ gxf6 18. Be4 f5 19. Bxf5 f6 20. Qxc3 c6 21. e4
Qe7 22. Rf3 Kg7 23. Raf1 b5 24. b3 a5 25. g4 h6 26. Qe3 Rh8 27. dxc6 Bxc6 28.
Qb6 Rac8 29. cxb5 Ba8 30. Bxc8 Rxc8 31. Rxf6 Bxe4+ 32. Kg1 Rc2 33. Rf7+ Kg6 34.
R1f6+ 1-0

[Event "Horsens Lang Weekend 2017"]
[Site "Horsens"]
[Date "2017.07.15"]
[Round "6.2"]
[White "Dyrgaard, Kristoffer"]
[Black "Bjerre, Jonas Buhl"]
[Result "0-1"]
[WhiteElo "2334"]
[BlackElo "2354"]
[PlyCount "68"]
[EventDate "2017.??.??"]
[EventCountry "DEN"]

1. e4 c5 2. Nf3 e6 3. Nc3 Nc6 4. d4 cxd4 5. Nxd4 Qc7 6. Be3 a6 7. Bd3 b5 8. O-O
Bb7 9. Nxc6 Qxc6 10. a3 Nf6 11. Qe2 Rc8 12. f4 Bc5 13. Bxc5 Qxc5+ 14. Kh1 d6
15. e5 dxe5 16. fxe5 Nd7 17. Rae1 O-O 18. Rf4 g6 19. a4 b4 20. Nd1 a5 21. Nf2
Qe7 22. Be4 Bd5 23. Ng4 Qg5 24. g3 Bxe4+ 25. Qxe4 h5 26. h4 Qe7 27. Nf6+ Nxf6
28. exf6 Qc5 29. Rc1 Rfd8 30. c4 bxc3 31. bxc3 Rd2 32. Re1 Qxc3 33. Qb7 Rb2 34.
Qe4 Qxg3 0-1

[Event "Horsens Lang Weekend 2017"]
[Site "Horsens"]
[Date "2017.07.15"]
[Round "6.3"]
[White "Bank, Pelle Rodkjaer"]
[Black "Rewitz, Poul"]
[Result "0-1"]
[WhiteElo "2294"]
[BlackElo "2294"]
[PlyCount "100"]
[EventDate "2017.??.??"]
[EventCountry "DEN"]

1. d4 g6 2. Nf3 Bg7 3. c4 f5 4. Nc3 Nf6 5. Bf4 c6 6. e3 d6 7. h3 Na6 8. Be2 Nc7
9. Qc2 O-O 10. Bh2 Kh8 11. Nd2 a6 12. Bf3 Bd7 13. Na4 Rb8 14. Nb6 Be6 15. Rc1
Nd7 16. Nxd7 Qxd7 17. b4 Bg8 18. Nb3 Ne6 19. h4 Rbc8 20. c5 Rcd8 21. Na5 f4 22.
Nc4 Qe8 23. Na5 Rb8 24. Qe4 h6 25. Bg4 Rf6 26. Bxe6 Bxe6 27. cxd6 exd6 28. Bxf4
Bxa2 29. Qxe8+ Rxe8 30. Kf1 Rf7 31. Bxd6 Rxe3 32. Nxb7 Re6 33. Nd8 Rxd6 34.
Nxf7+ Bxf7 35. Rh3 Bd5 36. Ra3 Bxd4 37. Rxa6 Rf6 38. f3 Kg7 39. Ke2 Re6+ 40.
Kd3 Bf2 41. Rb1 Re3+ 42. Kd2 Re7 43. Kd3 Rd7 44. Kc3 Bxh4 45. b5 Bf6+ 46. Kb4
cxb5 47. Kxb5 Bf7 48. Kc6 Rd2 49. Rb7 Rc2+ 50. Kb5 Rxg2 0-1

[Event "Horsens Lang Weekend 2017"]
[Site "Horsens"]
[Date "2017.07.15"]
[Round "6.4"]
[White "Teplyi, Igor"]
[Black "Fjordside, Arne Dan"]
[Result "1-0"]
[WhiteElo "2424"]
[BlackElo "1881"]
[PlyCount "63"]
[EventDate "2017.??.??"]
[EventCountry "DEN"]

1. d4 Nf6 2. c4 e6 3. Nc3 d5 4. cxd5 exd5 5. Bg5 Be7 6. e3 O-O 7. Bd3 c6 8. Qc2
Nbd7 9. Nge2 Re8 10. f3 Nf8 11. O-O g6 12. Rad1 Ne6 13. Bh4 Ng7 14. Bf2 Bf5 15.
e4 dxe4 16. fxe4 Be6 17. h3 Rc8 18. Qd2 Nd7 19. b3 Nb6 20. Bc2 Rc7 21. a4 a6
22. d5 Rd7 23. Qe3 Nxd5 24. exd5 cxd5 25. Qf3 Qc8 26. Bd4 Bf8 27. Bb1 Bf5 28.
Bxg7 Bxb1 29. Bxf8 Be4 30. Qf2 Rxf8 31. Qd4 Qd8 32. Nxe4 1-0

[Event "Horsens Lang Weekend 2017"]
[Site "Horsens"]
[Date "2017.07.15"]
[Round "6.5"]
[White "Grove, Peter"]
[Black "Rostgaard, Tobias Valentin"]
[Result "0-1"]
[WhiteElo "2162"]
[BlackElo "2302"]
[PlyCount "92"]
[EventDate "2017.??.??"]
[EventCountry "DEN"]

1. e4 c5 2. Nf3 g6 3. d4 cxd4 4. Nxd4 Nf6 5. Nc3 d6 6. Be2 Bg7 7. O-O O-O 8.
Be3 Nc6 9. Qd2 Bd7 10. Nb3 Rc8 11. f3 Re8 12. Kh1 Qc7 13. Rac1 Ne5 14. Rfd1 a6
15. a4 Nc4 16. Bxc4 Qxc4 17. a5 h5 18. Qf2 Bc6 19. Rd4 Qe6 20. Rb4 d5 21. Nc5
Qd6 22. Rd1 e6 23. Rb6 Qc7 24. exd5 Nxd5 25. Nxd5 Bxd5 26. c4 Bc6 27. b4 Red8
28. Rc1 Qe7 29. b5 axb5 30. cxb5 Bd5 31. a6 bxa6 32. bxa6 h4 33. h3 Be5 34. f4
Bc7 35. Rbb1 f5 36. Nb7 Re8 37. Bc5 Qd7 38. Bd4 g5 39. Nc5 Qe7 40. fxg5 Qd6 41.
Qg1 Qg3 42. Rc3 Qd6 43. Bf2 e5 44. Qd1 e4 45. Bg1 e3 46. Nb7 Bxg2+ 0-1

[Event "Horsens Lang Weekend 2017"]
[Site "Horsens"]
[Date "2017.07.15"]
[Round "6.6"]
[White "Stolberg Rohr, Thomine"]
[Black "Nielsen, Viktor Haarmark"]
[Result "0-1"]
[WhiteElo "1986"]
[BlackElo "2243"]
[PlyCount "106"]
[EventDate "2017.??.??"]
[EventCountry "DEN"]

1. e4 e5 2. Nf3 Nc6 3. Bb5 a6 4. Ba4 Nf6 5. O-O Be7 6. Re1 b5 7. Bb3 d6 8. c3
O-O 9. d4 Bg4 10. Be3 exd4 11. cxd4 d5 12. exd5 Nxd5 13. Nc3 Nxc3 14. bxc3 Na5
15. Bf4 Bd6 16. Bxd6 Qxd6 17. h3 Nxb3 18. axb3 Bxf3 19. Qxf3 a5 20. Re5 c6 21.
Rc5 Rfc8 22. g3 h6 23. Kg2 a4 24. bxa4 bxa4 25. Qf5 Qe6 26. Qxe6 fxe6 27. f4
Kf7 28. Kf3 a3 29. f5 Rcb8 30. fxe6+ Ke7 31. Rxc6 a2 32. d5 Rb1 33. Rxa2 Rxa2
34. Rc7+ Kf6 35. Rf7+ Kg6 36. Ke3 Rd1 37. c4 Rc2 38. Rf4 Rc3+ 39. Ke2 Ra1 40.
e7 Ra2+ 41. Kd1 Rd3+ 42. Kc1 Re3 43. Kb1 Rg2 44. Rf1 Rxe7 45. d6 Re4 46. c5
Rb4+ 47. Ka1 Rxg3 48. Rf2 Rc4 49. Rd2 Rxc5 50. d7 Ra5+ 51. Kb2 Ra8 52. d8=Q
Rxd8 53. Rxd8 Rxh3 0-1

[Event "Horsens Lang Weekend 2017"]
[Site "Horsens"]
[Date "2017.07.15"]
[Round "6.7"]
[White "Kohut, Anna"]
[Black "Ramsdal, Jens Albert"]
[Result "0-1"]
[WhiteElo "1974"]
[BlackElo "2206"]
[PlyCount "43"]
[EventDate "2017.??.??"]
[EventCountry "DEN"]

1. f4 g6 2. Nf3 Bg7 3. e4 c5 4. Nc3 Nc6 5. Bc4 a6 6. a4 d6 7. O-O e6 8. d3 Nge7
9. Ba2 O-O 10. Qe1 b5 11. g4 Nd4 12. Nxd4 cxd4 13. Ne2 bxa4 14. f5 exf5 15.
gxf5 gxf5 16. Bg5 Kh8 17. Qh4 f6 18. Bh6 Bxh6 19. Qxh6 Ng8 20. Qh4 fxe4 21.
dxe4 Ra7 22. Bd5 0-1

[Event "Horsens Lang Weekend 2017"]
[Site "Horsens"]
[Date "2017.07.15"]
[Round "6.8"]
[White "Rasmussen, Karsten"]
[Black "Hardlei, Johan"]
[Result "1-0"]
[WhiteElo "2444"]
[BlackElo "2046"]
[PlyCount "67"]
[EventDate "2017.??.??"]
[EventCountry "DEN"]

1. d4 Nf6 2. c4 g6 3. g3 Bg7 4. Bg2 O-O 5. Nc3 c5 6. Nf3 cxd4 7. Nxd4 Nc6 8.
O-O Nxd4 9. Qxd4 d6 10. Qd2 Qc7 11. b3 Bd7 12. Bb2 Bc6 13. e4 Nd7 14. Rac1 a5
15. Rfe1 Rfe8 16. h3 Qb8 17. Kh2 Ra7 18. Re2 b5 19. Nxb5 Bxb2 20. Qxb2 Bxb5 21.
cxb5 Qxb5 22. Rd2 Nc5 23. Qd4 Rc7 24. Qe3 Rec8 25. e5 dxe5 26. Qxe5 Qb6 27. Qe3
Qe6 28. Qh6 Qf6 29. Rc4 e6 30. Qe3 Na6 31. Rxc7 Nxc7 32. Rc2 Qd8 33. Qc1 Qd6
34. Bb7 1-0

[Event "Horsens Lang Weekend 2017"]
[Site "Horsens"]
[Date "2017.07.15"]
[Round "6.9"]
[White "Jensen, Jacob Bjerre"]
[Black "Ferrante, Marco"]
[Result "1/2-1/2"]
[WhiteElo "2115"]
[BlackElo "2260"]
[PlyCount "140"]
[EventDate "2017.??.??"]
[EventCountry "DEN"]

1. d4 d5 2. c4 c6 3. Nc3 Nf6 4. Nf3 e6 5. Bg5 dxc4 6. e4 b5 7. e5 h6 8. Bh4 g5
9. Bg3 Nd5 10. Nd2 Qa5 11. Nde4 Nd7 12. Be2 Bb7 13. Bh5 c5 14. O-O cxd4 15.
Qxd4 Qb6 16. Qd2 O-O-O 17. Rfd1 Nxc3 18. Nxc3 Bc5 19. Qe2 Kb8 20. a4 b4 21. Nb5
Qc6 22. Bf3 Qc8 23. Bxb7 Qxb7 24. Qxc4 Rc8 25. Qd3 Nb6 26. Nd6 Bxd6 27. Qxd6+
Ka8 28. Qxb4 Nd5 29. Qd4 Qb3 30. Rd3 Qc4 31. b3 Qxd4 32. Rxd4 Rb8 33. Rd3 Rhc8
34. Kf1 Rc3 35. Rxc3 Nxc3 36. Ke1 Rxb3 37. Kd2 Nd5 38. h4 Rb2+ 39. Kd3 gxh4 40.
Bxh4 Nf4+ 41. Kc3 Re2 42. Bg3 Nh5 43. Rh1 Nxg3 44. fxg3 Rxe5 45. Rxh6 Re3+ 46.
Kc4 Rxg3 47. Rh7 f5 48. Re7 Rg6 49. Kc5 f4 50. Kd6 Rxg2 51. Rxe6 f3 52. Rf6
Rd2+ 53. Kc6 Rc2+ 54. Kb5 Rb2+ 55. Kc5 f2 56. Kd4 Rb4+ 57. Kc3 Rxa4 58. Rxf2
Kb7 59. Rf6 Ra1 60. Kb2 Ra4 61. Kb3 Rh4 62. Rg6 Rh1 63. Kb4 Rb1+ 64. Ka5 Rb2
65. Ka4 Kc7 66. Ka3 Rb1 67. Ka2 Rb6 68. Rg7+ Kb8 69. Rh7 Rb7 70. Rxb7+ Kxb7
1/2-1/2

[Event "Horsens Lang Weekend 2017"]
[Site "Horsens"]
[Date "2017.07.15"]
[Round "6.10"]
[White "Knudsen, Jesper"]
[Black "Hansen, Lars"]
[Result "0-1"]
[WhiteElo "2056"]
[BlackElo "2236"]
[PlyCount "70"]
[EventDate "2017.??.??"]
[EventCountry "DEN"]

1. e4 g6 2. d4 Bg7 3. Nc3 c6 4. Be3 d5 5. e5 f6 6. f4 Nh6 7. Nf3 Bg4 8. Be2 O-O
9. Qd2 Nf5 10. Bf2 Bh6 11. exf6 exf6 12. h3 Bxf3 13. Bxf3 Nd6 14. g4 Na6 15.
O-O f5 16. g5 Bg7 17. Ne2 Nc7 18. b3 Ne6 19. Rad1 b5 20. c3 Rf7 21. Nc1 Ne4 22.
Qe3 Qd6 23. Ne2 Re8 24. Bxe4 fxe4 25. Bg3 Rf5 26. b4 Qc7 27. Be1 Bf8 28. Bg3
Bd6 29. Rf2 Ref8 30. Rdf1 Ng7 31. a3 R5f7 32. f5 Nxf5 33. Bxd6 Qxd6 34. Qf4
Qxf4 35. Rxf4 Ng3 0-1